Score 0/18 Timer 04:00
2 Plays Today
Show Title Missing Word % Correct
How I Met Your _____Mother
99%
_____ BadBreaking
95.3%
Drop _____ DivaDead
94.4%
It's Always _____ in PhiladelphiaSunny
93.8%
_____ and RecreationParks
92.9%
30 _____Rock
89.8%
_____ GalacticaBattlestar
88.9%
Keeping Up with the _____Kardashians
88.7%
Sons of _____Anarchy
87.7%
Show Title Missing Word % Correct
_____ MindsCriminal
84.9%
The Good _____Wife
84.7%
_____ NoticeBurn
79.6%
Cake _____Boss
73.9%
Cold _____Case
72.8%
_____ BreakPrison
48.5%
_____ StarsPawn
48%
White _____Collar
39.7%
Warehouse _____ 13
26%

Today's Daily Dose

Missing Word
I Hardly Know Her!

Word Ladder
Sentence Ending

Quick Pick
Female Firsts

Get the Picture
Triathlon Sports

Remove Ads.
Support Sporcle.
Get the best of Sporcle when you Go Orange. This ad-free experience offers more features, more stats, and more fun while also helping to support Sporcle. Thank you for becoming a member.

You're not logged in!

Compare scores with friends on all Sporcle quizzes.
OR
Log In

Show Comments

Extras

Top Quizzes Today


Score Distribution

Your Account Isn't Verified!

In order to create a playlist on Sporcle, you need to verify the email address you used during registration. Go to your Sporcle Settings to finish the process.

Report this User

Report this user for behavior that violates our Community Guidelines.

Details: